[Event "COL-chT"]
[Site "Risaralda"]
[Date "2023.11.21"]
[Round "4.3"]
[White "Olarte Parra, Jhoan Sebastian"]
[Black "Garavito, Miguel Angel"]
[Result "1/2-1/2"]
[WhiteElo "2035"]
[BlackElo "2233"]
[PlyCount "74"]
[EventDate "2023.11.19"]
[EventType "team-swiss"]
[EventRounds "7"]
[EventCountry "COL"]
[SourceTitle "CB49_2023"]
[SourceDate "2023.12.06"]
[SourceVersion "1"]
[SourceVersionDate "2023.12.06"]
[SourceQuality "1"]
[WhiteTeam "Cundinamarca"]
[BlackTeam "Tolima"]
[WhiteTeamCountry "COL"]
[BlackTeamCountry "COL"]

1. d4 d5 2. Nf3 Nf6 3. a3 g6 4. c4 c6 5. e3 Bg7 6. Nc3 0-0 7. Be2 Nbd7 8. 0-0 Ne4 9. Nxe4 dxe4 10. Nd2 f5 11. b4 e5 12. Bb2 exd4 13. exd4 Nf6 14. Nb3 Qe7 15. Qd2 Be6 16. Rad1 Rad8 17. Nc5 Bf7 18. a4 b6 19. Nb3 Rfe8 20. Qc3 g5 21. Rfe1 f4 22. f3 Bg6 23. b5 Qc7 24. bxc6 Qxc6 25. d5 Qc7 26. fxe4 Rxe4 27. d6 Rxd6 28. Rxd6 Qxd6 29. c5 bxc5 30. Nxc5 Re3 31. Qd4 Qe7 32. Bc4+ Kh8 33. Rxe3 fxe3 34. Ne6 e2 35. Qe3 Bf7 36. Qxe2 Bxe6 37. Qxe6 Qxe6 1/2-1/2

[Event "COL-chT"]
[Site "Risaralda"]
[Date "2023.11.20"]
[Round "3.2"]
[White "Olarte Parra, Jhoan Sebastian"]
[Black "Ojeda Mujica, Gelmer Geovany"]
[Result "0-1"]
[WhiteElo "2035"]
[BlackElo "1911"]
[PlyCount "112"]
[EventDate "2023.11.19"]
[EventType "team-swiss"]
[EventRounds "7"]
[EventCountry "COL"]
[SourceTitle "CB49_2023"]
[SourceDate "2023.12.06"]
[SourceVersion "1"]
[SourceVersionDate "2023.12.06"]
[SourceQuality "1"]
[WhiteTeam "Cundinamarca"]
[BlackTeam "Arauca"]
[WhiteTeamCountry "COL"]
[BlackTeamCountry "COL"]

1. e4 c6 2. d4 d5 3. f3 Qb6 4. c3 e6 5. Bd3 Bd6 6. e5 Bc7 7. f4 Ne7 8. Qg4 g6 9. Nf3 c5 10. dxc5 Qxc5 11. Nd4 Qb6 12. Nd2 Nbc6 13. N2f3 a6 14. Qh4 h6 15. Qf2 Nxd4 16. Nxd4 Bd8 17. Be3 Qc7 18. 0-0 h5 19. a4 Bd7 20. Rfc1 Bc6 21. b4 Nf5 22. Nxf5 gxf5 23. Bc5 b6 24. Bd6 Qd7 25. Qe2 Bb7 26. a5 b5 27. Bc5 Be7 28. Bd4 Bc6 29. Bxf5 0-0-0 30. Bd3 Rdg8 31. Rf1 Rg4 32. h3 Rg7 33. Ra2 Bd8 34. Rf3 Rhg8 35. Qf1 Bc7 36. f5 Kb7 37. Qe1 exf5 38. Bxf5 Qe7 39. Re2 f6 40. g4 hxg4 41. Bxg4 fxe5 42. Bxe5 Bxe5 43. Rxe5 Qd6 44. Rfe3 d4 45. Re7+ Rxe7 46. Rxe7+ Ka8 47. Qe5 Qxe5 48. Rxe5 dxc3 49. Kf2 c2 50. Rc5 Be4 51. Ke3 Re8 52. Kf4 Bd3 53. Bf5 Rf8 54. Ke3 Bxf5 55. Kd2 Rd8+ 56. Kc1 Rd1+ 0-1

[Event "Velez Rapid op 10th"]
[Site "Velez Santander"]
[Date "2023.11.06"]
[Round "9"]
[White "Olarte Parra, Jhoan Sebastian"]
[Black "Ayala Delgado, Sergio Alejandro"]
[Result "1-0"]
[WhiteElo "2035"]
[BlackElo "2066"]
[PlyCount "105"]
[EventDate "2023.11.06"]
[EventType "swiss (rapid)"]
[EventRounds "10"]
[EventCountry "COL"]
[SourceTitle "Mega2024 Update 01"]
[Source "Chessbase"]
[SourceDate "2023.11.12"]
[SourceVersion "1"]
[SourceVersionDate "2023.11.12"]
[SourceQuality "1"]

1. f4 d5 2. Nf3 Bg4 3. Ne5 Bf5 4. b3 f6 5. Nf3 e6 6. Bb2 Bd6 7. e3 Nd7 8. c4 c6 9. Nd4 Nh6 10. cxd5 cxd5 11. Nc3 Bg4 12. Be2 Bxe2 13. Qxe2 Qe7 14. Ncb5 a6 15. Qh5+ Nf7 16. Nxd6+ Qxd6 17. 0-0 0-0 18. Rf3 Nc5 19. Ba3 Rfc8 20. Rh3 h6 21. Qg4 f5 22. Qg6 Nh8 23. Nxf5 Nxg6 24. Nxd6 Ne4 25. Nxc8 Rxc8 26. d3 Nc3 27. Kf2 d4 28. Rc1 b5 29. Bb2 b4 30. Bxc3 bxc3 31. Rf3 dxe3+ 32. Kxe3 Ne7 33. g4 Kf7 34. a3 Nd5+ 35. Kd4 Ke7 36. f5 Nc7 37. Kxc3 exf5 38. Kb2 fxg4 39. Rf4 Kd6 40. Rxg4 g5 41. Rd4+ Ke7 42. Re4+ Kd6 43. Rec4 h5 44. Rc5 g4 45. Rxh5 Rf8 46. Rh6+ Ne6 47. Re1 Re8 48. Re4 Kd5 49. Rh5+ Kd6 50. Rxg4 Nc7 51. Rg6+ Kd7 52. Rh7+ Kc8 53. Rc6 1-0

[Event "Velez Rapid op 10th"]
[Site "Velez Santander"]
[Date "2023.11.06"]
[Round "7"]
[White "Olarte Parra, Jhoan Sebastian"]
[Black "Otalora Pacheco, Carlos Eduardo"]
[Result "0-1"]
[WhiteElo "2035"]
[BlackElo "2177"]
[PlyCount "54"]
[EventDate "2023.11.06"]
[EventType "swiss (rapid)"]
[EventRounds "10"]
[EventCountry "COL"]
[SourceTitle "Mega2024 Update 01"]
[Source "Chessbase"]
[SourceDate "2023.11.12"]
[SourceVersion "1"]
[SourceVersionDate "2023.11.12"]
[SourceQuality "1"]

1. Nf3 d5 2. e3 Nf6 3. b3 e6 4. Bb2 Be7 5. Be2 0-0 6. 0-0 b6 7. d4 Bb7 8. Ne5 Nbd7 9. Nd2 c5 10. c4 Rc8 11. Rc1 Bd6 12. cxd5 Nxd5 13. Ndc4 Nxe5 14. Nxd6 Qxd6 15. dxe5 Qe7 16. a3 Rfd8 17. Qc2 Rd7 18. Rfd1 Rdc7 19. Bd3 h6 20. Qe2 Qg5 21. f4 Qh4 22. g3 Qh3 23. e4 Ne7 24. Rc2 Rd8 25. Rcd2 Rcd7 26. Bc3 h5 27. Bb5 Rxd2 0-1

[Event "Velez Rapid op 10th"]
[Site "Velez Santander"]
[Date "2023.11.06"]
[Round "2"]
[White "Olarte Parra, Jhoan Sebastian"]
[Black "Ruiz Aguilar, Pablo Alexander"]
[Result "1-0"]
[WhiteElo "2035"]
[BlackElo "2162"]
[PlyCount "138"]
[EventDate "2023.11.06"]
[EventType "swiss (rapid)"]
[EventRounds "10"]
[EventCountry "COL"]
[SourceTitle "Mega2024 Update 01"]
[Source "Chessbase"]
[SourceDate "2023.11.12"]
[SourceVersion "1"]
[SourceVersionDate "2023.11.12"]
[SourceQuality "1"]

1. Nf3 Nf6 2. e3 d5 3. b3 Bg4 4. Bb2 e6 5. Be2 Nbd7 6. d4 Bd6 7. Ne5 Bxe2 8. Qxe2 0-0 9. 0-0 Qe7 10. Nd2 Ba3 11. Bxa3 Qxa3 12. Nxd7 Nxd7 13. c4 c6 14. e4 Qb2 15. Qd3 e5 16. cxd5 cxd5 17. exd5 Qxd4 18. Qxd4 exd4 19. Nf3 Nf6 20. Nxd4 Nxd5 21. Rac1 Rac8 22. g3 g6 23. Nb5 Rcd8 24. Rfe1 a6 25. Nc3 Nxc3 26. Rxc3 Rd2 27. Rc7 b5 28. a4 bxa4 29. bxa4 Rd4 30. Ra1 Re8 31. Rc6 Re6 32. Rc8+ Kg7 33. Rc2 Red6 34. Kg2 Rb4 35. Ra3 Re6 36. Rc7 Rf6 37. Rc2 h5 38. h4 Re6 39. Rc7 Rf6 40. Rc2 Rg4 41. Rb2 Rf5 42. a5 Re4 43. Rb6 Re6 44. Rb2 Ree5 45. Rba2 Rb5 46. Ra4 Rfc5 47. R2a3 Kf6 48. Rf3+ Ke6 49. Re3+ Re5 50. Rc3 Rec5 51. Re3+ Kd6 52. Rd4+ Rd5 53. Rf4 f5 54. Re8 Rxa5 55. Rg8 Ke5 56. Rxg6 Rd4 57. Rf3 Ra1 58. Rg5 Rdd1 59. Rfxf5+ Ke6 60. Rxh5 Rg1+ 61. Kh3 Rh1+ 62. Kg4 Ra4+ 63. Rf4 Rha1 64. Rhf5 a5 65. h5 Rxf4+ 66. Rxf4 a4 67. Kg5 a3 68. Kg6 a2 69. Ra4 Kd5 1-0

[Event "Medellin de La Raza op"]
[Site "Medellin"]
[Date "2023.10.13"]
[Round "3"]
[White "Garavito, Miguel Angel"]
[Black "Olarte Parra, Jhoan Sebastian"]
[Result "1-0"]
[WhiteElo "2280"]
[BlackElo "1977"]
[PlyCount "81"]
[EventDate "2023.10.12"]
[EventType "swiss"]
[EventRounds "10"]
[EventCountry "COL"]
[SourceTitle "Mega2024 Update 01"]
[Source "Chessbase"]
[SourceDate "2023.11.12"]
[SourceVersion "1"]
[SourceVersionDate "2023.11.12"]
[SourceQuality "1"]

1. Nf3 Nf6 2. c4 e6 3. d4 d5 4. Nc3 Be7 5. Bf4 0-0 6. e3 a6 7. cxd5 exd5 8. Qc2 Nc6 9. a3 h6 10. h3 Bd6 11. Bxd6 Qxd6 12. Bd3 b6 13. Rc1 Bb7 14. 0-0 Rfe8 15. Nd2 Re7 16. Ne2 Rae8 17. Ng3 Rd7 18. Rfd1 Ne7 19. Nf3 c6 20. Ne5 Rc7 21. Qe2 a5 22. Qf3 Rf8 23. b4 axb4 24. axb4 c5 25. bxc5 bxc5 26. Rb1 Bc8 27. Rdc1 Be6 28. Ng4 Nxg4 29. dxc5 Rxc5 30. hxg4 Rxc1+ 31. Rxc1 Qa3 32. Rd1 Rd8 33. Nf5 Nc6 34. Qf4 Qb4 35. Nxh6+ gxh6 36. Qxh6 Qb2 37. Bh7+ Kh8 38. Bf5+ Kg8 39. Bxe6 Qg7 40. Bxf7+ Kxf7 41. Qxc6 1-0

[Event "Medellin Flores op 30th"]
[Site "Medellin"]
[Date "2023.08.05"]
[Round "5"]
[White "Londono Zamora, Duberney"]
[Black "Olarte Parra, Jhoan Sebastian"]
[Result "1/2-1/2"]
[WhiteElo "1513"]
[BlackElo "1993"]
[PlyCount "106"]
[EventDate "2023.08.03"]
[EventType "swiss"]
[EventRounds "9"]
[EventCountry "COL"]
[SourceTitle "EXT 2024"]
[Source "ChessBase"]
[SourceDate "2023.10.10"]
[SourceVersion "1"]
[SourceVersionDate "2023.10.10"]
[SourceQuality "1"]

1. d4 Nf6 2. c4 e6 3. Nf3 b6 4. g3 Bb7 5. Bg2 Bb4+ 6. Bd2 Bxd2+ 7. Qxd2 0-0 8. Nc3 d5 9. Ne5 Nbd7 10. 0-0 Nxe5 11. dxe5 Nd7 12. f4 c6 13. cxd5 cxd5 14. e4 dxe4 15. Nxe4 Bxe4 16. Bxe4 Nc5 17. Qe3 Nxe4 18. Qxe4 Qd2 19. Rf2 Qa5 20. a4 Rfd8 21. b4 Qd5 22. Qxd5 Rxd5 23. Rc1 Rd7 24. Rfc2 Kf8 25. Kf2 Rad8 26. Ke2 Ke8 27. Rc7 Rd2+ 28. Kf3 R8d3+ 29. Kg4 Rd7 30. R1c2 Rxc2 31. Rxc2 Kd8 32. Rc4 Rd5 33. Kf3 Rd2 34. h4 Rd3+ 35. Kf2 h5 36. b5 Kd7 37. Kg2 f6 38. exf6 gxf6 39. Kf2 Ra3 40. Rd4+ Ke7 41. Rc4 Kd6 42. Rc6+ Kd5 43. f5 exf5 44. Rxf6 Ke5 45. Rh6 Rxa4 46. Rxh5 Ke4 47. Kg2 Ra2+ 48. Kh3 Rb2 49. Rh7 Rxb5 50. Rxa7 Rb1 51. Kg2 Rb2+ 52. Kh3 Rb1 53. Kg2 Rb2+ 1/2-1/2

[Event "Medellin Flores op 30th"]
[Site "Medellin"]
[Date "2023.08.05"]
[Round "4"]
[White "Olarte Parra, Jhoan Sebastian"]
[Black "Perez Latorre, Juan Sebastian"]
[Result "1-0"]
[WhiteElo "1993"]
[BlackElo "1606"]
[PlyCount "101"]
[EventDate "2023.08.03"]
[EventType "swiss"]
[EventRounds "9"]
[EventCountry "COL"]
[SourceTitle "EXT 2024"]
[Source "ChessBase"]
[SourceDate "2023.10.10"]
[SourceVersion "1"]
[SourceVersionDate "2023.10.10"]
[SourceQuality "1"]

1. Nf3 Nf6 2. b3 d5 3. Bb2 c5 4. e3 Nc6 5. Bb5 Bd7 6. 0-0 e6 7. Bxc6 Bxc6 8. Ne5 Bd6 9. f4 Qc7 10. Qe1 0-0-0 11. d3 Rdf8 12. Nd2 Rhg8 13. Ndf3 Nd7 14. Qh4 h6 15. Qh5 g6 16. Qh3 h5 17. Rae1 Bxe5 18. Bxe5 Nxe5 19. fxe5 Kb8 20. Rf2 f5 21. Qg3 d4 22. Ng5 Qa5 23. Kf1 Re8 24. a4 Qc3 25. h4 Rgf8 26. Nh3 a6 27. Nf4 Rg8 28. Qg5 dxe3 29. Rxe3 Qd4 30. Re1 Ka7 31. g3 Bd5 32. Qf6 g5 33. hxg5 Ref8 34. Nxe6 Bxe6 35. Qxe6 Rxg5 36. Rf4 Qc3 37. Qe7 Rfg8 38. Rc4 Qd2 39. Qxc5+ Ka8 40. Qf2 Qa5 41. Re3 Qd5 42. e6 Re8 43. e7 Qd7 44. Qf4 Rg7 45. Rc7 Qd5 46. Qf3 Qxf3+ 47. Rxf3 Rf7 48. Rd7 Ka7 49. a5 Rfxe7 50. Rxe7 Rxe7 51. Rxf5 1-0

[Event "Rivera Huila Hernandez Memorial-B"]
[Site "Rivera Huila"]
[Date "2023.07.21"]
[Round "3"]
[White "Olarte Parra, Jhoan Sebastian"]
[Black "Vargas Diaz, David Alejandro"]
[Result "1-0"]
[WhiteElo "1981"]
[BlackElo "1767"]
[PlyCount "71"]
[EventDate "2023.07.20"]
[EventType "swiss"]
[EventRounds "7"]
[EventCountry "COL"]
[SourceTitle "CBM 215 Extra"]
[Source "ChessBase"]
[SourceDate "2023.09.30"]
[SourceVersion "1"]
[SourceVersionDate "2023.09.30"]
[SourceQuality "1"]

1. e4 c5 2. Nf3 e6 3. c4 a6 4. d4 cxd4 5. Nxd4 Nf6 6. Nc3 Qc7 7. a3 b6 8. Be3 Bb7 9. f3 d6 10. Be2 Be7 11. Rc1 Nbd7 12. 0-0 h5 13. b4 Ne5 14. Nb3 h4 15. Na4 Ned7 16. Qe1 h3 17. g3 Rg8 18. Qf2 Bd8 19. Rfd1 g5 20. g4 Qc6 21. Nc3 Ne5 22. Nd4 Qc7 23. Qg3 Nfd7 24. Qxh3 Ng6 25. Ndb5 axb5 26. Nxb5 Qb8 27. Nxd6+ Kf8 28. Qh6+ Rg7 29. Nxf7 Kxf7 30. Rxd7+ Be7 31. Bxg5 Kg8 32. Rxe7 Nxe7 33. Qxe6+ Kh7 34. Qh6+ Kg8 35. c5 Rg6 36. Bc4+ 1-0

[Event "COL-chT Blitz"]
[Site "Santander"]
[Date "2022.09.10"]
[Round "6.1"]
[White "Barreiro Acosta, Frank"]
[Black "Olarte Parra, Jhoan Sebastian"]
[Result "0-1"]
[WhiteElo "1900"]
[BlackElo "1972"]
[PlyCount "130"]
[EventDate "2022.09.10"]
[EventType "team-swiss (blitz)"]
[EventRounds "9"]
[EventCountry "COL"]
[SourceTitle "EXT 2023"]
[Source "ChessBase"]
[SourceDate "2022.10.05"]
[SourceVersion "1"]
[SourceVersionDate "2022.10.05"]
[SourceQuality "1"]
[WhiteTeam "Narino"]
[BlackTeam "Cundinamarca"]
[WhiteTeamCountry "COL"]
[BlackTeamCountry "COL"]

1. Nf3 Nf6 2. d4 e6 3. c4 d5 4. g3 c6 5. Nbd2 Be7 6. Bg2 Nbd7 7. 0-0 0-0 8. Re1 b6 9. e4 dxe4 10. Nxe4 Nxe4 11. Rxe4 Bb7 12. Re1 c5 13. Qe2 cxd4 14. Nxd4 Bxg2 15. Kxg2 Bf6 16. Be3 Qc7 17. Rac1 Rac8 18. b3 Rfd8 19. Nb5 Qb7+ 20. Qf3 Qxf3+ 21. Kxf3 Ne5+ 22. Ke2 Nd3 23. Nxa7 Nxc1+ 24. Rxc1 Ra8 25. Bxb6 Rd7 26. Nb5 Rxa2+ 27. Kf3 Rd3+ 28. Kg2 Rxb3 29. Kf1 Rbb2 30. Be3 h6 31. h4 Rc2 32. Rxc2 Rxc2 33. c5 Be7 34. Na3 Rc3 35. Nb5 Rc4 36. Na3 Ra4 37. Nb5 Ra5 38. Nc3 Bxc5 39. Bd2 Bb4 40. Ne4 Ra1+ 41. Kg2 Bxd2 42. Nxd2 Ra2 43. Nc4 Kh7 44. Kf3 Ra4 45. Ne5 f6 46. Ng4 e5 47. Nh2 Kg6 48. Ng4 Kf7 49. Ne3 Ra3 50. Ke2 Ra2+ 51. Kf3 Ke6 52. Kg2 f5 53. Nc4 e4 54. Kf1 Rc2 55. Ne3 Rc3 56. Ng2 g5 57. hxg5 hxg5 58. Ne3 Rxe3 59. fxe3 Kd5 60. Ke2 Kc4 61. Kd2 Kb3 62. Kd1 Kc3 63. Ke2 Kc2 64. Ke1 Kd3 65. Kf2 Kd2 0-1

[Event "COL-chT Blitz"]
[Site "Santander"]
[Date "2022.09.10"]
[Round "2.1"]
[White "Rueda Rojas, Richard Alejandro"]
[Black "Olarte Parra, Jhoan Sebastian"]
[Result "1-0"]
[WhiteElo "1497"]
[BlackElo "1972"]
[PlyCount "77"]
[EventDate "2022.09.10"]
[EventType "team-swiss (blitz)"]
[EventRounds "9"]
[EventCountry "COL"]
[SourceTitle "EXT 2023"]
[Source "ChessBase"]
[SourceDate "2022.10.05"]
[SourceVersion "1"]
[SourceVersionDate "2022.10.05"]
[SourceQuality "1"]
[WhiteTeam "Santander Chessfy"]
[BlackTeam "Cundinamarca"]
[WhiteTeamCountry "COL"]
[BlackTeamCountry "COL"]

1. e4 c5 2. Nc3 Nc6 3. g3 d6 4. Bg2 e5 5. Nge2 Nf6 6. 0-0 Be7 7. h3 a6 8. a4 Rb8 9. Nd5 Nxd5 10. exd5 Nd4 11. c3 Nxe2+ 12. Qxe2 0-0 13. a5 f5 14. Re1 Bf6 15. d3 b5 16. f4 Re8 17. Qc2 b4 18. fxe5 dxe5 19. Be3 Qd6 20. Qf2 Be7 21. d4 cxd4 22. cxd4 e4 23. Bf4 Qxd5 24. Bxb8 Bf6 25. Ba7 Bd7 26. Bc5 Rc8 27. Rad1 Ba4 28. Rc1 Bg5 29. h4 Bxc1 30. Rxc1 Bb5 31. Qf4 Re8 32. Qd6 Qb3 33. Re1 Qxb2 34. Qd5+ Kh8 35. Qf7 Qd2 36. Rf1 e3 37. Rxf5 h6 38. Bf8 e2 39. Qxg7# 1-0

[Event "COL-chT"]
[Site "Bucaramanga"]
[Date "2022.09.08"]
[Round "5.3"]
[White "Olarte Parra, Jhoan Sebastian"]
[Black "Lopez Rayo, Santiago"]
[Result "1/2-1/2"]
[WhiteElo "1968"]
[BlackElo "2255"]
[PlyCount "69"]
[EventDate "2022.09.06"]
[EventType "team-swiss"]
[EventRounds "7"]
[EventCountry "COL"]
[SourceTitle "CBM 210 Extra"]
[Source "ChessBase"]
[SourceDate "2022.11.30"]
[SourceVersion "1"]
[SourceVersionDate "2022.11.30"]
[SourceQuality "1"]
[WhiteTeam "Cundinamarca"]
[BlackTeam "Valle"]
[WhiteTeamCountry "COL"]
[BlackTeamCountry "COL"]

1. Nf3 Nf6 2. b3 g6 3. Bb2 Bg7 4. e3 0-0 5. Be2 d6 6. d4 Nbd7 7. 0-0 Re8 8. c4 c6 9. Nc3 e5 10. dxe5 dxe5 11. Qc2 e4 12. Nd2 Qe7 13. a3 a5 14. Na4 b6 15. Bc3 Rb8 16. b4 axb4 17. axb4 b5 18. Nc5 Nxc5 19. bxc5 Qxc5 20. Bd4 Qd6 21. cxb5 cxb5 22. Rfb1 Bd7 23. h3 Qd5 24. Nb3 Rec8 25. Qb2 Qg5 26. Kh1 Ne8 27. Ra7 Be6 28. Bxg7 Nxg7 29. Nd4 b4 30. Ba6 Re8 31. Rb7 Rxb7 32. Bxb7 Bd5 33. Bxd5 Qxd5 34. Qxb4 Ne6 35. Qb3 1/2-1/2

[Event "COL-ch"]
[Site "Boyaca"]
[Date "2022.08.19"]
[Round "6"]
[White "Olarte Parra, Jhoan Sebastian"]
[Black "Brito Carrascal, Camilo Andres"]
[Result "1/2-1/2"]
[WhiteElo "1942"]
[BlackElo "1697"]
[PlyCount "29"]
[EventDate "2022.08.17"]
[EventType "swiss"]
[EventRounds "9"]
[EventCountry "COL"]
[SourceTitle "CBM 210 Extra"]
[Source "ChessBase"]
[SourceDate "2022.11.30"]
[SourceVersion "1"]
[SourceVersionDate "2022.11.30"]
[SourceQuality "1"]

1. e4 c5 2. Nf3 e6 3. c3 d5 4. e5 Nc6 5. d4 Qb6 6. a3 a5 7. Qa4 Bd7 8. Bb5 Nxe5 9. Bxd7+ Nxd7 10. Ne5 Qc7 11. 0-0 f6 12. Nd3 Kf7 13. Bf4 Bd6 14. Bxd6 Qxd6 15. f4 1/2-1/2

[Event "COL Subzt 2.3.4"]
[Site "Risarald"]
[Date "2021.11.25"]
[Round "5"]
[White "Olarte Parra, Jhoan Sebastian"]
[Black "Mena Mayo, Jairo"]
[Result "1/2-1/2"]
[WhiteElo "1984"]
[BlackElo "1822"]
[PlyCount "49"]
[EventDate "2021.11.23"]
[EventType "swiss"]
[EventRounds "9"]
[EventCountry "COL"]
[SourceTitle "CBM 205 Extra"]
[Source "ChessBase"]
[SourceDate "2022.01.31"]
[SourceVersion "1"]
[SourceVersionDate "2022.01.31"]
[SourceQuality "1"]

1. e4 c5 2. Nf3 Nc6 3. c4 e5 4. Nc3 d6 5. Be2 Nf6 6. a3 Be7 7. d3 0-0 8. Rb1 a5 9. Bg5 Nd4 10. 0-0 h6 11. Bxf6 Bxf6 12. Nxd4 cxd4 13. Nd5 Be6 14. Nxf6+ Qxf6 15. b4 axb4 16. axb4 b6 17. Qd2 Qe7 18. Ra1 Qb7 19. Qb2 Rfc8 20. f4 f6 21. f5 Bf7 22. b5 Rxa1 23. Rxa1 Ra8 24. Ra3 Rxa3 25. Qxa3 1/2-1/2

[Event "Sopo Region-ch"]
[Site "Sopo"]
[Date "2021.07.25"]
[Round "4"]
[White "Olarte Parra, Jhoan Sebastian"]
[Black "Torres Rojas, Yuber Andres"]
[Result "0-1"]
[WhiteElo "1962"]
[BlackElo "2032"]
[PlyCount "64"]
[EventDate "2021.07.24"]
[EventType "swiss"]
[EventRounds "5"]
[EventCountry "COL"]
[SourceTitle "EXT 2022"]
[Source "ChessBase"]
[SourceDate "2021.10.06"]
[SourceVersion "1"]
[SourceVersionDate "2021.10.06"]
[SourceQuality "1"]

1. c4 e5 2. Nc3 Nc6 3. Nf3 f5 4. d3 Nf6 5. g3 d6 6. Bg2 Be7 7. 0-0 0-0 8. Bg5 Qe8 9. Nd5 Bd8 10. Bxf6 gxf6 11. b4 Ne7 12. Nh4 Ng6 13. f4 Nxh4 14. gxh4 c6 15. Nc3 Qh5 16. Qe1 Kh8 17. Kh1 Bb6 18. e3 Bd7 19. Rd1 Rae8 20. Na4 Bc7 21. Nc3 exf4 22. Bf3 Qh6 23. e4 Bb6 24. c5 dxc5 25. Na4 fxe4 26. dxe4 Bh3 27. Rg1 f5 28. bxc5 Bc7 29. Rd7 fxe4 30. Rxc7 exf3 31. Qc3+ Qf6 32. Qxf3 Bf5 0-1

[Event "Sopo Region-ch"]
[Site "Sopo"]
[Date "2021.07.24"]
[Round "1"]
[White "Olarte Parra, Jhoan Sebastian"]
[Black "Vargas, Daniel Fernando"]
[Result "1-0"]
[WhiteElo "1962"]
[BlackElo "1527"]
[PlyCount "42"]
[EventDate "2021.07.24"]
[EventType "swiss"]
[EventRounds "5"]
[EventCountry "COL"]
[SourceTitle "EXT 2022"]
[Source "ChessBase"]
[SourceDate "2021.10.06"]
[SourceVersion "1"]
[SourceVersionDate "2021.10.06"]
[SourceQuality "1"]

1. e4 c5 2. Nf3 d6 3. c4 Nf6 4. Nc3 Nc6 5. d4 Bg4 6. d5 Ne5 7. Be2 Bxf3 8. gxf3 e6 9. f4 Ned7 10. Qa4 exd5 11. cxd5 Qe7 12. 0-0 g6 13. Re1 Bg7 14. e5 dxe5 15. fxe5 Qxe5 16. Bf4 Qd4 17. Ba6+ Kd8 18. Bxb7 Nb6 19. Qxd4 cxd4 20. Ne2 Nfxd5 21. Bxa8 Nxa8 1-0

[Event "COL-ch sf"]
[Site "Bogota"]
[Date "2020.11.16"]
[Round "8"]
[White "Ordonez Gonzalez, Gabriel"]
[Black "Olarte Parra, Jhoan Sebastian"]
[Result "0-1"]
[WhiteElo "1924"]
[BlackElo "1999"]
[PlyCount "47"]
[EventDate "2020.11.12"]
[EventType "swiss"]
[EventRounds "8"]
[EventCountry "COL"]
[SourceTitle "CBM 199 Extra"]
[Source "ChessBase"]
[SourceDate "2021.01.31"]
[SourceVersion "1"]
[SourceVersionDate "2021.01.31"]
[SourceQuality "1"]

1. c4 e6 2. g3 d5 3. Bg2 Nf6 4. Nf3 Be7 5. 0-0 0-0 6. b3 c5 7. Bb2 Nc6 8. cxd5 exd5 9. d4 b6 10. Nc3 Bb7 11. Rc1 Ne4 12. dxc5 Nxc3 13. Bxc3 bxc5 14. e3 Qd7 15. Qd2 Rfe8 16. Rfd1 Rac8 17. Qb2 Bf8 18. Ng5 Qe7 19. h4 h6 20. Nh3 d4 21. exd4 cxd4 22. Bd2 Ne5 23. Rxc8 Bxg2 24. Rxe8 0-1

[Event "COL-ch sf"]
[Site "Bogota"]
[Date "2020.11.13"]
[Round "3"]
[White "Lopez Ramirez, Daniel Giovanny"]
[Black "Olarte Parra, Jhoan Sebastian"]
[Result "1-0"]
[WhiteElo "1809"]
[BlackElo "1999"]
[PlyCount "69"]
[EventDate "2020.11.12"]
[EventType "swiss"]
[EventRounds "8"]
[EventCountry "COL"]
[SourceTitle "CBM 199 Extra"]
[Source "ChessBase"]
[SourceDate "2021.01.31"]
[SourceVersion "1"]
[SourceVersionDate "2021.01.31"]
[SourceQuality "1"]

1. e4 c5 2. Nf3 d6 3. c4 Nf6 4. Nc3 e6 5. d4 cxd4 6. Nxd4 Be7 7. Be2 0-0 8. 0-0 a6 9. Be3 Nbd7 10. f4 Qc7 11. b3 b5 12. Qc2 bxc4 13. bxc4 Bb7 14. g4 Nc5 15. Bf3 Nfd7 16. g5 Nb6 17. Nce2 Rac8 18. Rfc1 Rfe8 19. Ng3 g6 20. f5 exf5 21. exf5 Bxf3 22. Nxf3 Bf8 23. Bd4 Qc6 24. fxg6 hxg6 25. Rab1 Nbd7 26. Nd2 Ne6 27. Be3 Bg7 28. Qe4 Nd4 29. Qxc6 Rxc6 30. Kf2 Nc5 31. Bxd4 Nd3+ 32. Kg2 Bxd4 33. Rf1 Rb6 34. Rxb6 Bxb6 35. Nde4 1-0